|
|
|
|
| LEADER |
00000nam#a22000001a#4500 |
| 001 |
00034386 |
| 003 |
AR-BaUAD |
| 005 |
20230908142434.0 |
| 008 |
200220s2010####gw#ao||##||||||||#||eng|d |
| 020 |
|
|
|a 9783899552904
|
| 040 |
|
|
|a AR-BaUAD
|b spa
|c AR-BaUAD
|
| 041 |
|
|
|a eng
|
| 044 |
|
|
|c de
|2 ISO3166-1
|
| 080 |
|
|
|a 003.6
|
| 080 |
|
|
|a 7.011.26:711.45
|
| 245 |
0 |
0 |
|a Beyond the street :
|b the 100 leading figures in urban art /
|c Patrick Nguyen, Stuart Mackenzie (eds.)
|
| 260 |
|
|
|a Berlin :
|b Gestalten,
|c c2010
|
| 300 |
|
|
|a 400 p. :
|b il., fot., retrs.
|
| 500 |
|
|
|a Índice: p. 2-3.
|
| 500 |
|
|
|a Introduction: In limbo / Robert Klanten: p. 5-7.
|
| 500 |
|
|
|a Index: p. 394-397.
|
| 500 |
|
|
|a About the editors: p. 398.
|
| 700 |
1 |
|
|a Nguyen, Patrick
|4 ed
|
| 700 |
1 |
|
|a Mackenzie, Stuart
|4 ed
|
| 700 |
1 |
|
|a Klanten, Robert
|4 pról.
|
| 653 |
|
|
|a ARTE
|
| 653 |
|
|
|a ARTE URBANO
|
| 653 |
|
|
|a ARTISTAS
|
| 653 |
|
|
|a GRAFFITI
|
| 653 |
|
|
|a INTERVENCIONES
|
| 653 |
|
|
|a COMUNICACION VISUAL
|
| 653 |
|
|
|a EXPRESION ARTISTICA
|
| 653 |
|
|
|a ARTISTAS VISUALES
|
| 653 |
|
|
|a TECNICAS
|
| 653 |
|
|
|a TECNICA MIXTA
|
| 653 |
|
|
|a ENTREVISTAS
|
| 653 |
|
|
|a INSTALACIONES
|
| 653 |
|
|
|a GALERIAS DE ARTE
|
| 653 |
|
|
|a CURADORES
|
| 653 |
|
|
|a FARTO, ALEXANDRE
|
| 653 |
|
|
|a TELLEGEN, BORIS
|
| 653 |
|
|
|a HARRINGTON, CONOR
|
| 653 |
|
|
|a SMALL, MATT
|
| 653 |
|
|
|a PARLA, JOSÉ
|
| 653 |
|
|
|a KINSEY, DAVE
|
| 653 |
|
|
|a BENEDIKT, ALLEN
|
| 653 |
|
|
|a DOUGLAS, BRIAN ADAM
|
| 653 |
|
|
|a B. AGNES
|
| 653 |
|
|
|a MCNEIL, PATRICK
|
| 653 |
|
|
|a ROLON, CARLOS
|
| 653 |
|
|
|a DOITSCHINOFF, STEPHAN
|
| 653 |
|
|
|a ALONZO, PEDRO
|
| 653 |
|
|
|a ENGLISH, RON
|
| 653 |
|
|
|a FAITAKIS, STELIOS
|
| 653 |
|
|
|a SUPINE, JUDITH
|
| 653 |
|
|
|a LISTER, ANTHONY
|
| 653 |
|
|
|a JAMES, TODD
|
| 653 |
|
|
|a MORA, NURIA
|
| 653 |
|
|
|a WALKER, NICK
|
| 653 |
|
|
|a HICKS, LOGAN
|
| 653 |
|
|
|a POWERS, STEVE
|
| 653 |
|
|
|a DIZAC, ALEXONE
|
| 653 |
|
|
|a ROSE, AARON
|
| 653 |
|
|
|a PRICE, LUCAS
|
| 653 |
|
|
|a ASTOR, PATTI
|
| 653 |
|
|
|a COOPER, MARTHA
|
| 653 |
|
|
|a CHALFANT, HENRY
|
| 653 |
|
|
|a KENNARD, PETER
|
| 653 |
|
|
|a HOPPEK, BORIS
|
| 653 |
|
|
|a PROU, XAVIER
|
| 653 |
|
|
|a MANCO, TRISTAN
|
| 653 |
|
|
|a CHOE, DAVID
|
| 653 |
|
|
|a YOKOTA, HAMILTON
|
| 653 |
|
|
|a NOMURA, WALTER
|
| 653 |
|
|
|a WITZ, DAN
|
| 653 |
|
|
|a JENKINS, MARK
|
| 653 |
|
|
|a DOWNEY, BRAD
|
| 653 |
|
|
|a MCLAUCHLAN, LUCY
|
| 653 |
|
|
|a FAIREY, SHEPARD
|
| 653 |
|
|
|a VHILS
|
| 653 |
|
|
|a DELTA
|
| 653 |
|
|
|a WK INTERACT
|
| 653 |
|
|
|a ANDIPA GALLERY
|
| 653 |
|
|
|a CARMICHAEL GALLERY
|
| 653 |
|
|
|a 12OZPROPHET
|
| 653 |
|
|
|a SOULED OUT STUDIOS
|
| 653 |
|
|
|a ELBOW-TOE
|
| 653 |
|
|
|a SWEET TOOF
|
| 653 |
|
|
|a FAILE
|
| 653 |
|
|
|a CHRISTIE'S
|
| 653 |
|
|
|a DZINE
|
| 653 |
|
|
|a JONATHAN LEVINE GALLERY
|
| 653 |
|
|
|a CALMA
|
| 653 |
|
|
|a DOZE GREEN
|
| 653 |
|
|
|a CIRCLECULTURE GALLERY
|
| 653 |
|
|
|a NUART FESTIVAL
|
| 653 |
|
|
|a GALERIE L.J.
|
| 653 |
|
|
|a BAST
|
| 653 |
|
|
|a GALERIE MAGDA DANYSZ
|
| 653 |
|
|
|a RETNA
|
| 653 |
|
|
|a LAZARIDES GALLERY
|
| 653 |
|
|
|a INVADER
|
| 653 |
|
|
|a WOOSTER COLLECTIVE
|
| 653 |
|
|
|a MISS VAN
|
| 653 |
|
|
|a SIXEART
|
| 653 |
|
|
|a MOMO
|
| 653 |
|
|
|a WALLKANDY ART FORUM
|
| 653 |
|
|
|a STOLENSPACE GALLERY
|
| 653 |
|
|
|a PHILLIPS DE PURY & COMPANY
|
| 653 |
|
|
|a ESPO
|
| 653 |
|
|
|a A.L.I.C.E. GALLERY
|
| 653 |
|
|
|a KNOW HOPE
|
| 653 |
|
|
|a CYCLOPS
|
| 653 |
|
|
|a SUBLIMINAL PROJECTS GALLERY
|
| 653 |
|
|
|a EINE
|
| 653 |
|
|
|a SABER
|
| 653 |
|
|
|a JUXTAPOZ MAGAZINE
|
| 653 |
|
|
|a FUTURA
|
| 653 |
|
|
|a ESCIF
|
| 653 |
|
|
|a DEITCH PROJECTS
|
| 653 |
|
|
|a SOTHEBY'S
|
| 653 |
|
|
|a KENNARDPHILLIPPS
|
| 653 |
|
|
|a IGUAPOP GALLERY
|
| 653 |
|
|
|a BEEJOIR
|
| 653 |
|
|
|a BLEK LE RAT
|
| 653 |
|
|
|a DOLK
|
| 653 |
|
|
|a GAIA
|
| 653 |
|
|
|a HERAKUT
|
| 653 |
|
|
|a N2 GALLERY
|
| 653 |
|
|
|a MODE 2
|
| 653 |
|
|
|a BLACK RAT PRESS GALLERY
|
| 653 |
|
|
|a SPETO
|
| 653 |
|
|
|a TITI FREAK
|
| 653 |
|
|
|a LABRONA
|
| 653 |
|
|
|a TINHO
|
| 653 |
|
|
|a NEW IMAGE ART
|
| 653 |
|
|
|a OTHER
|
| 653 |
|
|
|a ERICAILCANE
|
| 653 |
|
|
|a V1 GALLERY
|
| 653 |
|
|
|a BLK/MRKT GALLERY
|
| 653 |
|
|
|a SWOON
|
| 653 |
|
|
|a SLINKACHU
|
| 653 |
|
|
|a SPY
|
| 653 |
|
|
|a ZEVS
|
| 653 |
|
|
|a AKAY
|
| 653 |
|
|
|a JR
|
| 653 |
|
|
|a GALLERIA PATRICIA ARMOCIDA
|
| 653 |
|
|
|a OS GEMEOS
|
| 653 |
|
|
|a HUSKMITNAVN
|
| 653 |
|
|
|a SAM3
|
| 653 |
|
|
|a TATE MODERN
|
| 653 |
|
|
|a STUDIO CROMIE
|
| 653 |
|
|
|a FAME FESTIVAL
|
| 653 |
|
|
|a BLU
|
| 653 |
|
|
|a PORTUGAL
|
| 653 |
|
|
|a REINO UNIDO
|
| 653 |
|
|
|a PAISES BAJOS
|
| 653 |
|
|
|a ESTADOS UNIDOS
|
| 653 |
|
|
|a TAILANDIA
|
| 653 |
|
|
|a JAPON
|
| 653 |
|
|
|a FRANCIA
|
| 653 |
|
|
|a BRASIL
|
| 653 |
|
|
|a ALEMANIA
|
| 653 |
|
|
|a NORUEGA
|
| 653 |
|
|
|a GRECIA
|
| 653 |
|
|
|a CHINNA
|
| 653 |
|
|
|a ESPAÑA
|
| 653 |
|
|
|a BELGICA
|
| 653 |
|
|
|a CANADA
|
| 653 |
|
|
|a ITALIA
|
| 653 |
|
|
|a DINAMARCA
|
| 653 |
|
|
|a SUECIA
|
| 655 |
|
|
|a TEXTO
|
| 852 |
|
|
|c 88-3
|
| 952 |
|
|
|0 0
|1 0
|4 0
|6 883
|7 0
|9 41858
|a AR-BaUAD
|b AR-BaUAD
|d 2020-02-20
|e Compra Exp.26.546/12
|g 495.00
|i 35609
|l 0
|o 88-3
|p ztl2635609
|r 2023-09-08 14:24:34
|w 2023-09-08
|y BK
|
| 990 |
|
|
|a Ej.1 : 35609 . 20/02/20 -- Compra Exp.26.546/12 -- (495 pesos).
|b ADM
|
| 990 |
|
|
|a A201
|b TD
|
| 990 |
|
|
|a DG201
|b TD
|
| 990 |
|
|
|a MJO
|b OP
|
| 990 |
|
|
|a AAQ00034386
|b CC
|
| 998 |
|
|
|a AAQ
|b Bibun 76
|
| 942 |
|
|
|c BK
|
| 999 |
|
|
|c 22048
|d 22048
|